| 000 | 01704nam0a2200385 4500 | ||
|---|---|---|---|
| 001 | RU\NLR\bibl\1170521 | ||
| 005 | 20260405173520.0 | ||
| 010 |
_a978-5-488-01264-6 _94000 _bДомашний мастер |
||
| 021 |
_aRU _b2007-78776 _94241 |
||
| 035 | _a(nilc)IZD\AST\2007\742464 | ||
| 035 | _a(NLR Aleph) 001157211 | ||
| 090 |
_a1514718 _c1514718 |
||
| 100 | _a20071022d2007 |||y0rusy50 ca | ||
| 101 | 0 | _arus | |
| 102 | _aRU | ||
| 105 | _aa ||||||||| | ||
| 200 | 1 |
_aРусская баня _e[от строительства до лечебных свойств _eсправочник _fавт.-сост.: В.В. Селиван, В.И. Рыженко] |
|
| 210 |
_aМосква _cОНИКС _cЦентр общечеловеческих ценностей _d2007 |
||
| 215 |
_a318 с. _cил. _d21 |
||
| 225 | 1 | _aДомашний мастер | |
| 300 | _aНа обл. подзаг.: Строительсто. Лечебные свойства | ||
| 606 | 1 |
_aБани русские _jСправочники _xЛечебное применение _92367945 _3RU\NLR\auth\661413553 |
|
| 606 | 1 |
_aБани русские _jСправочники _xСтроительство _92123985 _3RU\NLR\auth\661282237 |
|
| 686 |
_a05010 _aБани и сауны _2TCC-BG |
||
| 686 |
_a51.204я2 _vLBC/PL |
||
| 686 | _aН712.61я2 | ||
| 686 |
_a38.93я2 _vLBC/PL |
||
| 702 | 1 |
_4220 _8rus _7ca _aСеливан _bВ. В. _gВиктор Владимирович _3RU\NLR\auth\7774882 _957810 |
|
| 801 | 0 |
_aRU _bЛИБНЕТ _c20071022 |
|
| 801 | 1 |
_aRU _bЦУНБ Москва _c20071025 _2rusmarc |
|
| 801 | 2 |
_aRU _bNLR _c20071220 _grcr |
|
| 830 | _aсост. по ЭК | ||
| 942 | _cBOOK | ||
| 980 | _aNB | ||